000 00591nam a2200241Ia 4500
003 OSt
005 20221005113702.0
006 a|||||r|||| 00| 0
007 ta
008 221004b |||||||| |||| 00| 0 mal d
024 _a55085
037 _cTextual
040 _aCRL
_cCRL
_bmal
041 _2mal
_amal
082 _aO32,1M78,13, J6
100 _aVallathol Au.
245 0 _aAbhivadyam
260 _c1956
300 _a57p.
_ccm.
650 _aMALAYALAM POETRY
_9185636
942 _hO32,1M78,13, J6
_cTEXL
_2cc
999 _c1028917
_d1028917